000 01024nas a2200361 4500
001 BR0500942
003 BR-BrBNA
005 20231205105201.0
007 ta
008 230509b bl.|||p| |||| 00| 00por d
040 _aBR-BrBNA
_bpor
_cBiblioteca Nacional de Agricultura
041 _a(Pt)
072 _aL01; Q04
100 1 _aSilva, S. da L. e
100 1 _aLeme, P.R.
100 1 _aPutrino, S.M.
100 1 _aMartello, L.S.
100 1 _aLima, C.G. de
100 1 _aLanna, D.P.D.
245 1 _aEstimativa da gordura de cobertura ao abate, por ultra-som, em tourinhos Brangus e Nelore
650 _aGADO DE CORTE
650 _aGORDURA
650 _aESPESSURA
650 _aABATE
650 _aULTRA-SOM
650 _aCONFINAMENTO
650 _aDIETA
650 _aCARCAÇA
650 _aESTATÍSTICA
773 0 _tRevista Brasileira de Zootecnia (Brazil)
_xISSN 1516-3598
_g(Mar-Apr 2004), v. 33(2) p. 511-517
_wBR0500942
909 _a202311
_bLúcia
_c55
_dLúcia Elande
942 _2AGRIS
_n0
_cANA
999 _c181645
_d181645